000 00988nam a22002897a 4500
001 9366
003 FISKH
005 20251212152711.0
008 251212b cb ||||| |||| 00| 0 eng d
020 _a9780141365428
040 _aFISKH
_beng
_cFISKH
_dFISKH
050 _aPZ7.D1515 B
082 _a823.914
100 _aDahl, Roald
_eAuthor
245 _aThe BFG /
_cRoald Dahl ; Illustrated by Quentin Blake
260 _aNew York :
_bPuffin Books ,
_c1982
300 _a199 pages :
_billustrations ;
_c20 cm
505 _aP
520 _aKidsnatched from her orphanage by a BFG (Big Friendly Giant), who spends his life blowing happy dreams to children, Sophie concocts with him a plan to save the world from nine other man-gobbling cannybull giants.
521 8 _a720
_bLexile
521 8 _aP
_bRaz-Plus
650 _aChildren's literature
_vClassic
650 _aHumor
_vJuvenile
700 _aBlake, Quentin
_eIllustrator
942 _2ddc
_cBK
_n0
999 _c9366
_d9366